A people's history of the world / (Record no. 130875)

MARC details
000 -LEADER
fixed length control field 00663nam a22002297a 4500
005 - DATE AND TIME OF LATEST TRANSACTION
control field 20170124110119.0
010 ## - LIBRARY OF CONGRESS CONTROL NUMBER
LC control number B-167167
020 ## - INTERNATIONAL STANDARD BOOK NUMBER
Terms of availability 00.00
International Standard Book Number 8125028439
035 ## - SYSTEM CONTROL NUMBER
System control number B-167167
037 ## - SOURCE OF ACQUISITION
Source of stock number/acquisition Cen Lib/Ret
040 ## - CATALOGING SOURCE
Original cataloging agency DPL
Language of cataloging EN
082 ## - DEWEY DECIMAL CLASSIFICATION NUMBER
Classification number 909
Item number HAR
100 ## - MAIN ENTRY--PERSONAL NAME
Personal name Harman, Chris
9 (RLIN) 30321
245 ## - TITLE STATEMENT
Title A people's history of the world /
Statement of responsibility, etc by Chris Harman
260 ## - PUBLICATION, DISTRIBUTION, ETC. (IMPRINT)
Place of publication, distribution, etc New Delhi
Name of publisher, distributor, etc Orient Longman
Date of publication, distribution, etc 2006
270 ## - ADDRESS
Address 1/24 Asaf Ali Road
City New Delhi
Postal code 110002
300 ## - PHYSICAL DESCRIPTION
Extent 729p.
Dimensions 21cm(Hb)
500 ## - GENERAL NOTE
General note Includes index
650 ## - SUBJECT ADDED ENTRY--TOPICAL TERM
Topical term or geographic name as entry element Social classes -- History
9 (RLIN) 30322
650 ## - SUBJECT ADDED ENTRY--TOPICAL TERM
Topical term or geographic name as entry element Social classes
9 (RLIN) 9584
942 ## - ADDED ENTRY ELEMENTS (KOHA)
Source of classification or shelving scheme Dewey Decimal Classification
Koha item type English Books
Classification part 909
Call number suffix HAR
Holdings
Withdrawn status Lost status Damaged status Not for loan Home library Current library Date acquired Source of acquisition Cost, normal purchase price Total Checkouts Total Renewals Full call number Barcode Date last seen Date checked out Copy number Cost, replacement price Price effective from Koha item type Public note
Written off       Central Library Central Library 10/07/2015 Cen Lib/Ret 0.00 8 4 909 HAR B-167167 16/09/2020 04/03/2020 1 0.00 10/07/2015 English Books Written off on approval by DLB (By Circulation); dtd 15-06-2023

© Delhi Public Library
Hit Counter
free hit counter